000 00297nam a2200121Ia 4500
005 20251222144633.0
008 251222s9999||||xx |||||||||||||| ||spa||
082 _a261.2/B19/Ej.2
100 _aVon Balthasar, Hans Urs
245 0 _aLa Verdad es Sinfónica:
264 _bEncuentro
942 _cLIB
999 _c16386
_d16386